000 00708nam a2200217Ia 4500
003 GCL
008 140319s9999 xx 000 0 eng d
020 _a1650007400
040 _aGCL /
_cGCL
082 0 4 _a304.6091726
_bC P
100 1 _aCASSEN, ROBERT
245 1 0 _aPOPULATION AND DEVELOPMENT :
_bOLD DEBATES, NEW CONCLUSIONS /
_cCASSEN, ROBERT
700 1 _aAHLBURG, DENNIS A.
260 _aنيويورك :
_bTRANSACTION PUBLISHERS ،
_c1994
300 _a22 CM ؛
_cX, 282 P
490 _aU.S - THIRD WORLD POLICY PERSPECTIVES
_v0
650 0 4 _aDEVELOPING COUNTRIES
650 0 4 _aDEVELOPING COUNTRIES - POPULATION - ECONOMIC ASPECTS
650 0 4 _aPOPULATION - ECONOMIC ASPECTS
942 _2ddc
_cBK
999 _c4603
_d4603